Countries with Icelandic embassies - Statistics

General Stats
  • This quiz has been taken 150 times
  • The average score is 14 of 18
Answer Stats
Continent Country % Correct
North America United States of America
98%
Europe Germany
97%
Europe Sweden
97%
Europe Denmark
96%
North America Canada
95%
Asia China
95%
Europe Finland
95%
Europe Norway
95%
Europe France
93%
Asia/ Europe Russia
93%
Europe United Kingdom
93%
Asia Japan
91%
Europe Belgium
83%
Asia India
72%
Europe Austria
68%
Africa Uganda
32%
Africa Malawi
14%
Africa Mozambique
14%
No matching quizzes found
Score Distribution
Percent of People with Each Score
Percentile by Number Answered
Your Score History
You have not taken this quiz